Entrada Nombre personal
Número de registros utilizados en: 1
001 - NÚMERO DE CONTROL
003 - IDENTIFICADOR DEL NÚMERO DE CONTROL
- campo de control:
DR-UNIBE
005 - FECHA Y HORA DE LA ÚLTIMA TRANSACCIÓN
- campo de control:
20251027153914.0
008 - DATOS DE LONGITUD FIJA
- campo de control de longitud fija:
251027|| aca||aabn | a|a d
040 ## - FUENTE DE LA CATALOGACIÓN
- Centro catalogador/agencia de origen:
DR-UNIBE
- Centro/agencia transcriptor:
DR-UNIBE
100 ## - ENCABEZAMIENTO-NOMBRE DE PERSONA
- Nombre de persona:
Vidal Vizoso, Librada
670 ## - FUENTE DE DATOS ENCONTRADOS
- Cita de la fuente:
Work cat.: (DR-UNIBE)31514: Pérez Martínez, Shaddy Patricia 12271 autor, Fase administrativa de protección de la adopción por filiación desconocida de niños niñas y adolescentes en virtud de la ley 136-03 de la República Dominicana 2010-2012 / , 2013